000 00313nam a2200109Ia 4500
008 220204s9999 xx 000 0 und d
082 _a550.4(031)
_bFAI
245 0 _aEncyclopedia of geochemistry and environmental sciences
260 _aNew York
_bVan Nostrand
_c1972
700 _aFairbridge, Rhodes W
942 _cBK
999 _c28402
_d28402